| 000 | 00973nam a22003137a 4500 | ||
|---|---|---|---|
| 003 | CHAP | ||
| 005 | 20220329143619.0 | ||
| 008 | 100927s1981 mx r 00010 spa d | ||
| 010 | _a99334 | ||
| 011 | _a100306 | ||
| 035 | _a110992 | ||
| 040 | _cCHAP | ||
| 090 | _aFolleto 17984 | ||
| 110 | 1 |
_aPurina _993049 |
|
| 245 | 1 | 0 |
_aPrograma rural de orientación avipecuaria (PROA) _c/por PURINA |
| 260 |
_aMéxico, D. F. : _bPURINA, _c1981 |
||
| 300 | _a[30] h. | ||
| 590 |
_aBATCH-UPD _b10 _c20130110 _lUCH01 _h1151 |
||
| 590 |
_aBATCH-UPD _b10 _c20130410 _lUCH01 _h0735 |
||
| 590 |
_aBATCH-UPD _b10 _c20130914 _lUCH01 _h0220 |
||
| 590 |
_aCONVERSION _b10 _c20130109 _lUCH01 _h1355 |
||
| 650 | 1 | 4 |
_aAlimentos _xProteínas. _94272 |
| 650 | 1 | 4 |
_aEducación. _935409 |
| 650 | 1 | 4 |
_aEmigración e inmigración. _936517 |
| 650 | 1 | 4 |
_aExtensión agrícola. _939144 |
| 901 | _aBK | ||
| 942 | _cFOLL | ||
| 949 |
_aFolleto 17984 _bBC _cFOLL _d33724002105603 _eTS1 _gDonaciØn _h17770 _i110992 _sb |
||
| 999 |
_c99334 _d99334 |
||